| 000 | 00664nam a22002177a 4500 | ||
|---|---|---|---|
| 005 | 20260312123906.0 | ||
| 008 | 260312b |||||||| |||| 00| 0 eng d | ||
| 020 | _a8472082156 | ||
| 020 | _a9788472082151 | ||
| 040 |
_aKABLIB _cKABLIB _erda |
||
| 082 |
_223 _a610.3 _bAGU |
||
| 100 |
_aAguilar, Isidro _915737 |
||
| 245 |
_aEncyclopedia of health and education for the family vol. 3 / _cIsidro Aguilar, Herminia Galbes |
||
| 260 |
_aMadrid : _bEducation and Health Library, _cc2002 |
||
| 300 |
_a400 p. : _bcol. ill. ; _c28 cm. |
||
| 500 | _aIncludes index. | ||
| 650 | _aHealth | ||
| 650 | _aMedicine | ||
| 700 |
_aGalbes, Herminia _915738 |
||
| 942 |
_2ddc _cBOOK |
||
| 999 |
_c6190 _d6190 |
||